书目信息 |
| 题名: |
全球生态环境遥感监测2021年度报告
|
|
| 作者: | 王琦安 , 柳钦火 编著 | |
| 分册: | 全球典型湖泊生态环境状况 | |
| 出版信息: | 北京 测绘出版社 2022.06 |
|
| 页数: | 65页 | |
| 开本: | 29cm | |
| 丛书名: | ||
| 单 册: | ||
| 中图分类: | X835 , X32 | |
| 科图分类: | ||
| 主题词: | 环境遥感--huan jing yao gan--应用--生态环境--全球环境监测--研究报告--2021 , 环境遥感--huan jing yao gan--应用--湖泊--生态环境保护--全球环境监测--研究报告--2021 | |
| 电子资源: | ||
| ISBN: | 978-7-5030-4428-1 | |
| 000 | 01522nam 2200301 450 | |
| 001 | 96328 | |
| 005 | 20250912155129.23 | |
| 010 | @a978-7-5030-4428-1@dCNY82.00 | |
| 100 | @a20220914d2022 em y0chiy50 ea | |
| 101 | 0 | @achi |
| 102 | @aCN@b110000 | |
| 105 | @aab a 000yy | |
| 106 | @ar | |
| 200 | 1 | @a全球生态环境遥感监测2021年度报告@Aquan qiu sheng tai huan jing yao gan jian ce 2021 nian du bao gao@i全球典型湖泊生态环境状况@f王琦安, 柳钦火等编著 |
| 210 | @a北京@c测绘出版社@d2022.06 | |
| 215 | @a65页@c图, 地图@d29cm | |
| 300 | @a本报告由全球空间遥感信息报送和年度报告工作专项支持 | |
| 320 | @a有书目 (第59-64页) | |
| 330 | @a本书是陆表水域专题的延续和拓展。湖泊是地球表层重要的淡水资源库和生态系统的重要组成, 对保持生态系统稳定性和可持续性具有重要意义。该专题生产了2000一2020年全球最大水体范围在500km2以上的自然湖泊的面积、水位、水量等数据集和富营养化湖泊藻华时空分布产品, 分析了全球典型湖泊分布格局、水文要素和藻华暴发的变化趋势, 揭示了其发生、发展的驱动因素及对区域发展的影响, 可为藻华治理和湖泊保护提供数据及信息支撑。 | |
| 517 | 1 | @a全球典型湖泊生态环境状况@Aquan qiu dian xing hu po sheng tai huan jing zhuang kuang |
| 606 | 0 | @a环境遥感@Ahuan jing yao gan@x应用@x生态环境@x全球环境监测@x研究报告@z2021 |
| 606 | 0 | @a环境遥感@Ahuan jing yao gan@x应用@x湖泊@x生态环境保护@x全球环境监测@x研究报告@z2021 |
| 690 | @aX835@v5 | |
| 690 | @aX32@v5 | |
| 701 | 0 | @a王琦安@Awang qi an@4编著 |
| 701 | 0 | @a柳钦火@Aliu qin huo@4编著 |
| 801 | 0 | @aCN@c20250909 |
| 905 | @a河南城建学院图书馆@dX835@eW310-8 | |
| 全球生态环境遥感监测2021年度报告.全球典型湖泊生态环境状况/王琦安, 柳钦火等编著.-北京:测绘出版社,2022.06 |
| 65页:图, 地图;29cm |
| 本报告由全球空间遥感信息报送和年度报告工作专项支持 |
| ISBN 978-7-5030-4428-1:CNY82.00 |
| 本书是陆表水域专题的延续和拓展。湖泊是地球表层重要的淡水资源库和生态系统的重要组成, 对保持生态系统稳定性和可持续性具有重要意义。该专题生产了2000一2020年全球最大水体范围在500km2以上的自然湖泊的面积、水位、水量等数据集和富营养化湖泊藻华时空分布产品, 分析了全球典型湖泊分布格局、水文要素和藻华暴发的变化趋势, 揭示了其发生、发展的驱动因素及对区域发展的影响, 可为藻华治理和湖泊保护提供数据及信息支撑。 |
| ● |
| 相关链接 |
|
|
|
正题名:全球生态环境遥感监测2021年度报告
索取号:X835/W310-8
 
预约/预借
| 序号 | 登录号 | 条形码 | 馆藏地/架位号 | 状态 | 备注 |
| 1 | 1630823 | 216308234 | 自科库501/501自科库 118排1列2层/ [索取号:X835/W310-8] | 在馆 |